Buyer and Seller Relations/ (Record no. 211157)

MARC details
000 -LEADER
fixed length control field 00678nam a22002177a 4500
005 - DATE AND TIME OF LATEST TRANSACTION
control field 20250506151016.0
010 ## - LCCN (DPL NO)
LC control number ENG-144818
020 ## - INTERNATIONAL STANDARD BOOK NUMBER
Terms of availability 9789391962128
International Standard Book Number 695.00
035 ## - SYSTEM CONTROL NUMBER
System control number EN-128350
037 ## - SOURCE OF ACQUISITION
Source of stock number/acquisition DBAD
082 ## - DEWEY DECIMAL CLASSIFICATION NUMBER
Classification number 381.41
100 ## - MAIN ENTRY--PERSONAL NAME
Personal name Ugandher, Gauda
245 ## - TITLE STATEMENT
Title Buyer and Seller Relations/
Statement of responsibility, etc Gauda Ugandher [and] T. Yadagiri Rao
250 ## - EDITION STATEMENT
Edition statement 1
260 ## - PUBLICATION, DISTRIBUTION, ETC. (IMPRINT)
Place of publication, distribution, etc New Delhi
Name of publisher, distributor, etc Avni Publications
Date of publication, distribution, etc 2022
270 ## - ADDRESS
Address RZ-40-D,Gali No.2,Main Sagar Pur,
City New Delhi
Postal code 110046
300 ## - PHYSICAL DESCRIPTION
Extent 209p..
Dimensions 22cm(Hb)
500 ## - GENERAL NOTE
General note Agriculture Marketing Strategy in Telangana State
700 ## - ADDED ENTRY--PERSONAL NAME
Personal name Rao, T. Yadagiri
9 (RLIN) 81029
942 ## - ADDED ENTRY ELEMENTS (KOHA)
Source of classification or shelving scheme Dewey Decimal Classification
Item type English Books
Classification part 381.41
Call number suffix UGA
Holdings
Withdrawn status Lost status Not for loan Collection code Home library Current library Date acquired Source of acquisition Cost, normal purchase price Full call number Barcode Copy number Cost, replacement price Koha item type
      Non-fiction Janak Puri Janak Puri 06/05/2025 Delivery of Books Act Division 695.00 381.41 UGA EN-128350 1 695.00 English Books

© Delhi Public Library
Hit Counter
free hit counter